| 000 | 00511nam a2200205Ia 4500 | ||
|---|---|---|---|
| 003 | OSt | ||
| 005 | 20140321092010.0 | ||
| 008 | 140130s9999 xx 000 0 und d | ||
| 020 | _a9780590372138 | ||
| 050 |
_aPZ 7 _b.M47879Fl 2008 |
||
| 100 | _aMcMullan, Kate | ||
| 245 |
_cKate McMullan _aFluffy goes to school / |
||
| 260 |
_bScholastic, _c2008. _aNew York : |
||
| 300 |
_a1 v. (unpaged) : _bcol. ill. ; _c23 cm. |
||
| 440 | _v1 | ||
| 521 | _aG1 | ||
| 526 | _c240 | ||
| 942 |
_cBK _2lcc |
||
| 999 |
_c40019 _d40019 |
||